| 000 | 00568nam a2200217 a 4500 | ||
|---|---|---|---|
| 001 | BRL_607 | ||
| 005 | 20190320210823.0 | ||
| 008 | 100913s1935----au-a######---#000-0#ger-# | ||
| 041 | _ager | ||
| 044 | _aau | ||
| 050 | 4 |
_aBM545.A55 _b.M87 1935 |
|
| 100 | 1 |
_aMurmelstein, Benjamin _d1135-1204 _924416 |
|
| 245 | 1 | 0 |
_aRabbi Moses Ben Maimon _cvon Benjamin Murmelstein |
| 260 |
_aWien _bVictoria-Druckerei _c1935 |
||
| 300 |
_a32 p. _bil. _c16 cm. |
||
| 500 | _aAu661 | ||
| 650 | 1 | 4 |
_aJudaismo _924417 |
| 650 | 1 | 4 |
_aÉtica judía _924418 |
| 902 | _aGRL | ||
| 942 |
_2lcc _cB |
||
| 999 |
_c9419 _d9419 |
||